• 首页
  • 本馆介绍
  • 公告通知
  • 最新文献
  • 馆藏检索
  • 电子资源
  • 读者导购
  • 参考咨询
  • 我的图书馆
  • 登录
  • 详细信息显示
  • 放入我的书架
  • 预约/预借图书
  • 作者相关作品
  • 分类相关作品
  • 丛书相关作品
  • 出版社相关作品

书目信息

  • 表格格式
  • 工作单格式
  • 卡片格式
题名:
影视编剧教程
    
 
作者: 桂青山 著
分册:  
出版信息: 北京   北京师范大学出版社  
页数:
开本:
丛书名: 北京师范大学影视艺术学科基础教程系列
单 册:
中图分类: I053.5
科图分类:
主题词: 电影文学剧本--创作方法 , 电视文学剧本--创作方法
电子资源:
ISBN: 7-303-04545-7
000 00734nam0 2200229 45
001 0311181503
005 20031219104121.7
010    @a7-303-04545-7@dCNY14.00
100    @a20031118d km y0chiy0120 ea
101 0  @achi
105    @a z 000yy
200 1  @a影视编剧教程@AYing Shi Bian Ju Jiao Cheng@f桂青山著@FGui Qing Shan Zhu
210    @a北京@c北京师范大学出版社
225    @a北京师范大学影视艺术学科基础教程系列@f黄会林主编
410    @12001 @a北京师范大学影视艺术学科基础教程系列
410    @1700 0@a黄会林@AHuang Hui Lin@4主编
606 0  @a电影文学剧本@x创作方法
606 0  @a电视文学剧本@x创作方法
690    @aI053.5@v4
701  0 @a桂青山@4著
801    @aCN@bTSTC@c20031118
905    @b328551-555@dI053.5@e102@f5
    
    影视编剧教程/桂青山著.-北京:北京师范大学出版社
    (北京师范大学影视艺术学科基础教程系列/黄会林主编)
    
    
    ISBN 7-303-04545-7:CNY14.00
    
●
相关链接 在E读中查询图书 在五车中查询图书 在当当中查询图书 在豆瓣中查询图书


正题名:影视编剧教程     索取号:I053.5/102         预约/预借

序号 登录号 条形码 馆藏地/架位号 状态 备注
1 0328551   203285514   第二借阅区/ [索取号:I053.5/102] 在馆    
2 0328552   203285523   第二借阅区/ [索取号:I053.5/102] 在馆    
3 0328553   203285532   第二借阅区/ [索取号:I053.5/102] 在馆    
4 0328554   203285541   第二借阅区/ [索取号:I053.5/102] 在馆    
5 0328555   203285550   第一样本阅览室/ [索取号:I053.5/102] 在馆    
唐山师范学院图书馆 欢迎您!
大连网信软件有限公司© 版权所有